000 02294cam a22005294i 4500
003 PE-LiUPU
005 20250731170433.0
008 150623s r 000 0 d
035 _a(Sirsi) a28475
040 _aPE-LiUPU
_bspa
_cPE-LiUPU
_erda
082 0 4 _a100.24
_bM26
_221
100 1 _aMarías, Julián,
_eautor.
245 1 0 _aRazón de la Filosofía /
_cJulián Marías.
264 1 _aMadrid :
_bAlianza Editorial,
_c1993.
300 _a294 páginas ;
_c20 cm.
336 _atext
_2rdacontent
337 _aunmediated
_2rdamedia
338 _avolume
_2rdacarrier
505 0 _aPor que hacer filosofia. -uando es inevitable la filosofia. -La imagen del mundo. -Alteridad y presencia de filosofias. -Existencia y olvidos de las filosofia. -Pensamiento sin radicalidad. -Punto de inflexion. -Los descubrimeintos del siglo XX. -El camino hacia arriba y el camino hacia abajo. -La razon se constituye viviendo. -La filosofia como teoria dramatica. -La estructura empirica de la vida. -Las experiencias radiacles como ingredientes de la vida . -Razon vital en el varon y en la mujer. La historia como razon narrativa de si misma. -Prefilosofia y filosofia: el subsuelo de creencias . -La ocultacion de la ralidad por opinion . -La tecnica en la vida actual. -Ciencia y filosofia. -El descenso a las raices. -Las preguntas irrenunciables. -Persona y creacion. -La pregunta por Dios en la filosofia.
526 _aSEG68
526 _aSEG70
526 _aSEG69
526 _aSEG67
526 _aSEG43
526 _aP144
526 _aP143
526 _aP131
526 _aP122
526 _aP120
526 _aP117
526 _aP112
526 _aP110
526 _aP106
526 _aP101
526 _aP80
526 _aP59
526 _aP54
526 _aP35
526 _aP33
526 _aP30
650 0 4 _aFilosofía.
942 _2ddc
_cBOOK
949 _a100.24 M26
_wDEWEY
_c1
_i36407
_lCCODEBUL1
_mBUL
_p00.00
_r0
_sY
_tBOOK
_u2015-06-24
_xBIBLIOTECA
_zUNKNOWN
_0COMPRA
_o.STAFF. Colección General
596 _a1
999 _a100.24 M26
_wDEWEY
_c35727
_i36407
_d35727
_e2017-4-19
_f2021-11-4
_g5
_lCCODEBUL1
_mBUL
_n1
_r0
_sY
_tBOOK
_u2015-6-24
_xBIBLIOTECA
_zUNKNOWN
_0COMPRA
_o.STAFF. Colección General
980 _81
_gALBERTO SANCHEZ Responsable de Automatización